| 000 | 00535nam a2200205 a 4500 | ||
|---|---|---|---|
| 999 |
_c4286 _d4286 |
||
| 001 | 4286 | ||
| 003 | BD-JhCC | ||
| 005 | 20171128181956.0 | ||
| 008 | 171119s1977 bg |||| ||a| 000 0 eng d | ||
| 035 | _a(BD-JhCC) | ||
| 040 |
_aBD-JhCC _dBD-JhCC |
||
| 041 | _aeng | ||
| 082 |
_a910.145 _bRAS 1977 |
||
| 100 | _aRashid, Haroun Er | ||
| 245 |
_aGeography of Bangladesh / _cHaroun Er Rashid |
||
| 260 |
_aDhaka : _bUniversity Press Ltd, _c1977 |
||
| 300 |
_a529 p. : _c22 cm. |
||
| 650 |
_aGeography _xTravel _zBangladesh |
||
| 942 |
_2ddc _cBK |
||